| 000 | 00644nam a2200241Ia 4500 | ||
|---|---|---|---|
| 003 | OSt | ||
| 005 | 20221005082141.0 | ||
| 006 | a|||||r|||| 00| 0 | ||
| 007 | ta | ||
| 008 | 221004b |||||||| |||| 00| 0 eng d | ||
| 020 | _a81 7201 014 1 | ||
| 024 | _a44624 | ||
| 037 | _cTextual | ||
| 040 |
_aCRL _cCRL _beng |
||
| 041 |
_2eng _aeng |
||
| 082 | _aO111944w,C, N0 | ||
| 245 | 0 |
_aSahitya Akademi awards _b Books and writers 1955-1978 |
|
| 260 |
_aNew Delhi _bSahitya Akademi India _c1990 |
||
| 300 |
_a546p _ccm. |
||
| 650 | _aENGLISH LITERATURE | ||
| 942 |
_hO111944w,C, N0 _cTEXL _2cc |
||
| 999 |
_c988817 _d988817 |
||